000 00994nam a2200253 i 4500
001 18896
003 ES-MaACL
005 20230906151941.0
007 t|
008 020410s2001 sp ||||1| spa d
020 _a84-87311-19-9
080 _a930.255(460.27 M.)
080 _a946.025(093)
100 1 _aRodríguez-Moñino Soriano, Rafael.
_998682
245 1 0 _aDocumentos y expedientes sobre la historia de Extremadura en los fondos contemporáneos del Archivo Histórico Nacional
_b: (Relación de los mismos. Breves análisis) /
_cRafael Rodríguez-Moñino Soriano.
260 _aMadrid :
_bBeturia,
_c2001.
300 _a75 p. :
_bXII il. ;
_c21 cm.
490 1 _aCuadernos de Beturia ;
_v3
610 2 7 _aArchivo Histórico Nacional (España).
_bSección de Fondos Contemporáneos-
_vCatálogos.
_91452
651 4 _aExtremadura-
_xHistoria-
_vFuentes.
_98646
830 0 _aCuadernos de Beturia ;
_v3
_9228840
852 _aES-MaACL
_jL-25420
_bR.131169
999 _c18896
_d18896